Derecho penal: parte especial
Guardat en:
| Autor principal: | |
|---|---|
| Format: | Llibre |
| Idioma: | espanyol |
| Publicat: |
Madrid
Dykinson
2000
|
| Edició: | 5a. ed |
| Matèries: | |
| Etiquetes: |
Afegir etiqueta
Sense etiquetes, Sigues el primer a etiquetar aquest registre!
|
MARC
| LEADER | 00000nam a2200000 a 4500 | ||
|---|---|---|---|
| 001 | UCM1993 | ||
| 003 | CL-VaPUC | ||
| 008 | 020419e20000700SP |||||||||||||||||spa|d | ||
| 082 | 0 | 4 | |a 345.02 |b SER |2 21 |
| 100 | 0 | |a Serrano Gómez, Alfonso |e author |9 468794 | |
| 245 | 1 | 0 | |a Derecho penal: parte especial |
| 250 | |a 5a. ed | ||
| 300 | |a 1111 p | ||
| 942 | |c BK | ||
| 945 | |d 20020419 00:00:00 |a vberengu | ||
| 260 | |a Madrid |b Dykinson |c 2000 | ||
| 650 | 0 | |a Delitos |9 224143 | |
| 650 | 7 | |a DERECHO PENAL |2 CL-VaPUC |9 11 | |
| 650 | 7 | |a DELITOS CONTRA LAS PERSONAS |2 CL-VaPUC |9 256124 | |
| 650 | 0 | |a Delitos contra la vida |9 459912 | |
| 650 | 7 | |a DELITOS CONTRA LA SALUD |2 CL-VaPUC |9 371857 | |
| 650 | 7 | |a DELITOS CONTRA EL HONOR |2 CL-VaPUC |9 468795 | |
| 650 | 7 | |a DELITOS CONTRA LA LIBERTAD |2 CL-VaPUC |9 368474 | |
| 650 | 7 | |a DELITOS CONTRA LA ADMINISTRACION DE JUSTICIA |2 CL-VaPUC |9 468796 | |
| 650 | 7 | |a FALTAS |2 CL-VaPUC |9 468797 | |
| 650 | 7 | |a TORTURAS |2 CL-VaPUC |9 384012 | |
| 650 | 7 | |a DELITOS CONTRA LA HACIENDA PUBLICA |2 CL-VaPUC |9 463545 | |
| 583 | |a last modification |c 20020419 00:00:00 |k Rodrigo Vera | ||
| 999 | |c 300084 |d 300082 | ||
| 952 | |0 0 |1 0 |4 0 |6 345_020000000000000_SER_2000 |7 0 |8 A |9 357371 |a BIBDER |b BIBDER |d 2019-11-21 |i 3809471 |o 345.02 SER 2000 |p 3809471 |r 2023-01-25 |w 2019-11-21 |y BK |k DER | ||